000
00256nam a2200109Ia 4500
008
220204s9999 xx 000 0 und d
082
_a
291.8
_b
NAR
100
_a
Narayan, R K
245
0
_a
Mahabharata
260
_a
Mysore
_b
Indian thought
_c
1978
942
_c
BK
999
_c
33598
_d
33598